00503 2200193 4500001002100000005001500021035002500036090001400061245002700075250001100102260003600113300003100149008004100180082000800221084001200229650004400241990001200285990001200297YOGYA00000000003182720180728103916 a0010-081400000031545 aR 030 Ens aEnsiklopedia Nusantara aCet. 1 aJakarta :bMawar Gempita,c1989 a799 hlm. :bilus. ;c21 cm180728 g 0 ind  a030 a030 ENS aGeneral Encyclopedias/Ensiklopedia Umum a33190-p a33190-p